A text book 0f Engineering Mechanics (Record no. 1188)

MARC details
000 -LEADER
fixed length control field 00416nam a22001697a 4500
005 - DATE AND TIME OF LATEST TRANSACTION
control field 20260115125135.0
008 - FIXED-LENGTH DATA ELEMENTS--GENERAL INFORMATION
fixed length control field 160520b xxu||||| |||| 00| 0 eng d
020 ## - INTERNATIONAL STANDARD BOOK NUMBER
ISBN 81-219-2616-5
041 ## - LANGUAGE CODE
Language code of text/sound track or separate title eng
082 ## - DEWEY DECIMAL CLASSIFICATION NUMBER
Item number 3460
100 ## - MAIN ENTRY--AUTHOR NAME
Personal name Khurmi R.S.
245 ## - TITLE STATEMENT
Title A text book 0f Engineering Mechanics
260 ## - PUBLICATION, DISTRIBUTION, ETC. (IMPRINT)
Place of publication New Delhi
Name of publisher Sultan Chand & Sons.
300 ## - PHYSICAL DESCRIPTION
Number of Pages 765
650 ## - SUBJECT ADDED ENTRY--TOPICAL TERM
Topical Term DIPLOMA ENGINEERING
942 ## - ADDED ENTRY ELEMENTS (KOHA)
Koha item type Books
Holdings
Lost status Damaged status Home library Current library Date acquired Cost, normal purchase price Full call number Accession Number Koha item type Shelving location
Lost   JRU Library JRU Library 20/05/2016 550.00 3460 3460 Books  
    JRU Library   20/05/2016 550.00 3460 3461 Books SHELF-49-F
    JRU Library   20/05/2016 550.00 3460 3462 Books  
Lost   JRU Library JRU Library 20/05/2016 550.00 3460 3463 Books